| 000 | 01145nam a22003377a 4500 | ||
|---|---|---|---|
| 003 | CHAP | ||
| 005 | 20220329143725.0 | ||
| 008 | 110414s1984 mx a r 00010 spa d | ||
| 010 | _a100950 | ||
| 011 | _a101922 | ||
| 020 | _a9688371529 | ||
| 035 | _a112610 | ||
| 040 | _cCHAP | ||
| 082 | 0 | 4 |
_a540 _bP88 |
| 245 | 0 | 0 |
_aPrácticas de química _c/por Emigdio Alcantara ...[et al.] |
| 260 |
_aMexico, D.F. : _bColegio de Química de la Escuela Nacional Preparatoria, _c1984 - |
||
| 300 |
_av. : _bilus. |
||
| 490 | _aPrograma del Libro de Texto Universitario | ||
| 500 | _aLa biblioteca tiene : v.3 | ||
| 590 |
_aBATCH-UPD _b10 _c20130110 _lUCH01 _h1559 |
||
| 590 |
_aBATCH-UPD _b10 _c20130410 _lUCH01 _h0956 |
||
| 590 |
_aBATCH-UPD _b10 _c20130914 _lUCH01 _h0304 |
||
| 590 |
_aCONVERSION _b10 _c20130109 _lUCH01 _h1356 |
||
| 650 | 1 | 4 |
_aQuímica _xExperimentos. _993560 |
| 650 | 1 | 4 |
_aQuímica _xManuales de laboratorio. _993567 |
| 700 | 1 |
_aAlcantara, Emigdio _93559 |
|
| 830 | 0 |
_aPrograma del Libro de Texto Universitario _992317 |
|
| 901 | _aBK | ||
| 942 | _cLIBRO | ||
| 949 |
_a540 P88 _bBC _cLIBRO _d33724002239785 _eLIBRO _fv.3 _h114686 _i112610 _sb |
||
| 999 |
_c100950 _d100950 |
||